000 00616nam a22002055i 4500
001 165092
003 ES-MaACL
005 20250702054833.0
008 991202s1895 fr |||| |bfre d
080 _a929 Renan, Ernest
100 1 _aSéailles, Gabriel.
_9104982
245 1 0 _aErnest Renan :
_bessai de biographie psychologique /
_cGabriel Séailles.
250 _a2e éd.
260 _aParis :
_bPerrin et Cie.,
_c1895.
300 _aXII, 362 p. ;
_c19 cm.
600 1 4 _aRenan, Ernest,
_d1823-1892
_996168
852 4 _aES-MaACL
_jF-5920
852 4 _aES-MaACL
_jG-9031
999 _c165092
_d165092